DESCRIPTION OF : CROP VARIETIES RELEASED BY CAMBODIAN AGRICULTURAL RESEARCH AND DEVELOPMENT INSTITUTE(1990-2017). (Record no. 22015)
[ view plain ]
| 000 -LEADER | |
|---|---|
| fixed length control field | 00425nam a22001217a 4500 |
| 040 ## - CATALOGING SOURCE | |
| Transcribing agency | rua |
| 082 ## - DEWEY DECIMAL CLASSIFICATION NUMBER | |
| Classification number | CAR OUK 2017 C332 Or. |
| 100 ## - MAIN ENTRY--AUTHOR NAME | |
| Personal name | OUK Makara |
| 245 ## - TITLE STATEMENT | |
| Title | DESCRIPTION OF : CROP VARIETIES RELEASED BY CAMBODIAN AGRICULTURAL RESEARCH AND DEVELOPMENT INSTITUTE(1990-2017). |
| Remainder of title | Cambodian Agricultural Research and Development Institute/ |
| 260 ## - PUBLICATION, DISTRIBUTION, ETC. (IMPRINT) | |
| Place of publication | phnom penh |
| Name of publisher | rua |
| Year of publication | 2017 |
| 300 ## - PHYSICAL DESCRIPTION | |
| Number of Pages | x.115p. |
| Other physical details | ill. |
| Dimensions | 25cm. |
| 942 ## - ADDED ENTRY ELEMENTS (KOHA) | |
| Koha item type | ឯកសារស្រាវជ្រាវ |
| 952 ## - LOCATION AND ITEM INFORMATION (KOHA) | |
| Withdrawn status [LOCAL, KOHA] | 0 |
| Permanent Location | Date acquired | Koha item type | Lost status | Shelving location | Barcode | Current Location | Full call number |
|---|---|---|---|---|---|---|---|
| Library Block C | 2023-10-18 | ឯកសារស្រាវជ្រាវ | C332 | a72949 | Library Block C | CAR OUK 2017 C332 Or. |